00609cam a22002411 4500001001300000003000400013005001700017008004100034010001700075020000800092025002000100035002000120040001700140042001200157050002000169100002500189245004300214260004800257300001800305500001600323500001100339999001700350sa 68000159 DLC20260227112421.0850617s1966 ii 000 0 kan  asa 68000159  cRe1 aPL480:I-Kan-796 a(OCoLC)13890032 aDLCcNNdDLC apremarc00aPL4659.P797bM30 aKuvempu,d1904-1994.10aMantrākṣate.c[Lēkhaka] Kuvempu. aMaisūru,bUdayaravi Prakāśanac[1966] a51 p.c19 cm. aIn Kannada. aPoems. c76991d76991